| 000 | 00598nam a2200181Ia 4500 | ||
|---|---|---|---|
| 008 | 170510s9999 xx 000 0 und d | ||
| 100 | _aO'Brien, Ed | ||
| 245 | 4 | _aThe tipping point of perceived change: Asymmetric thresholds in diagnosing improvement versus decline. | |
| 245 | _cO'Brien, Ed; Klein, Nadav | ||
| 260 | _bAmerican Psychological Association | ||
| 260 | _c2017 | ||
| 300 | _apages 161-185,February | ||
| 440 |
_aJournal of Personality and Social Psychology _v112:2 |
||
| 650 | _aChange perception | ||
| 650 | _aEntropy | ||
| 650 | _aNegativity bias | ||
| 650 | _aTipping point | ||
| 999 |
_c329872 _d329872 |
||